00346nam a2200109 4500008001600000082002100016100001900037245006500056260003000121300003000151650005500181760.989.2 ES74l a760.989.2bES74l aEscobar, Ticio aEl límite:bacerca de la obra gráfica de Osvaldo Palermo aAsunciónbLAMARCAc1994 a24 p.bil.c33, 5 x 25 cm xarte contemporáneoxgrabadoxcríticaxParaguay